000 01032nas1a22003011i 4500
001 RU\NLR\INFOCOMM_40\5000085979
005 20240726043046.0
035 _a(NLR Aleph) 004098147
090 _a3396468
_c3396468
100 _a20060602c1924 |||y0rusy50 ba
101 0 _afre
102 _aRU
110 _aayuz|||0|y|
200 1 _aBulletin mensuel de la station sismique de 1ère classe Sverdlovsk (ci devant Ekaterinburg)
_fInstitut Physico-Mathématique de l'Académie des Sciences de l'URSS
210 _a[Ленинград]
_d1924-
712 0 2 _aAcadémie des Sciences de l'URSS
_bInstitut Physico-Mathématique
_4570
712 0 2 _aStation sismique de 1ère classe
_cSverdlovsk
_4570
801 1 _aRU
_bInfoComm
_c20060602
801 0 _aRU
_bNLR
_gPSBO
852 _aNLR
_jV.250
942 _cJOURNAL
980 _aINPER